|
|
|
|
| LEADER |
00000nab a2200000uu 4500 |
| 001 |
vtls011137809 |
| 003 |
SK-MaSNL |
| 005 |
20260303131559.0 |
| 008 |
230218|2007 xo |||||||||||||||||cze| |
| 015 |
|
|
|a SNBRB
|
| 035 |
|
|
|a (urnnbn)urn:nbn:sk:snk:ar-007u6i
|
| 035 |
|
|
|a (uuid)99f04701-96ed-4a95-8c0b-18d14f80c597
|
| 035 |
|
|
|a urn:nbn:sk:snk-abaqci
|
| 040 |
|
|
|a SNKBUCL
|b slo
|c SNKBUCL
|e AACR2
|
| 041 |
0 |
|
|a cze
|
| 044 |
|
|
|a xo
|c SK
|
| 100 |
1 |
|
|a Kolský, A.
|4 aut
|9 1146871
|
| 245 |
1 |
0 |
|a Otrava 4,5letého chlapce nitrobenzenem
|c A. Kolský, D. Pelclová, K. Jiroušová, Z. Šenholdová
|
| 700 |
1 |
|
|a Pelclová, D.
|4 aut
|9 816917
|
| 700 |
1 |
|
|a Jiroušová, K.
|4 aut
|9 1148208
|
| 700 |
1 |
|
|a Šenholdová, Z.
|4 aut
|9 1148476
|
| 773 |
0 |
|
|t Československá pediatrie : časopis Pediatrické společnosti časopis Československé pediatrické společnosti, sekce Československé lékařské společnosti J.E. Purkyně ; časopis České a Slovenské pediatrické společnosti
|g Roč. 62, č. 6 (2007), s. 388-392
|
| 954 |
|
|
|a odborná, vedecká literatúra cudzojazyčná (svetová)
|2 lita
|
| 958 |
|
|
|a OND
|
| 958 |
|
|
|a EUIPO
|
| 958 |
|
|
|a article14
|
| 999 |
|
|
|c 1945913
|d 1947843
|